| 000 | 01753nam a2200541 i 4500 | ||
|---|---|---|---|
| 001 | 56592 | ||
| 003 | KOSZ 005 | ||
| 005 | 20200730122544.0 | ||
| 008 | 090123s2008 pl |000 0 pol | ||
| 015 | _aUWD 2009/3744 | ||
| 020 | _a9788375830477 | ||
| 035 | _a991047869249705066 | ||
| 035 | _a(PL-WaBN)b23257192-48omnis_nlop | ||
| 035 | _ab23257192 | ||
| 035 | _a(OCoLC)316497262 | ||
| 035 | _a(PL)b0000002325719 | ||
| 035 | _a(EXLNZ-48OMNIS_NETWORK)9910162901305606 | ||
| 040 |
_aWA N _cWA N _dKOSZ 005/HR |
||
| 046 | _k2008 | ||
| 080 | _a159.923 | ||
| 080 | _a613.2 | ||
| 080 | _a616.89-008 | ||
| 100 | 1 |
_aPilska, Magdalena _eAutor |
|
| 245 | 1 | 0 |
_aPsychologia żywienia : _bwybrane zagadnienia / _cMagdalena Pilska, Marzena Jeżewska-Zychowicz. |
| 260 |
_aWarszawa : _bWydawnictwo SGGW, _c2008. |
||
| 300 |
_a151, [1] s. ; _c24 cm. |
||
| 336 |
_aTekst _btxt _2rdacontent |
||
| 337 |
_aBez urządzenia pośredniczącego _bn _2rdamedia |
||
| 338 |
_aWolumin _bnc _2rdacarrier |
||
| 380 | _aKsiążki | ||
| 380 | _aPublikacje naukowe | ||
| 388 | _a2001- | ||
| 504 | _aBibliogr. s. 140-[152]. | ||
| 650 | 7 |
_aAnoreksja _2DBN |
|
| 650 | 7 |
_aBulimia _2DBN |
|
| 650 | 7 |
_aOdżywianie _2DBN |
|
| 650 | 7 |
_aOsobowość _2DBN |
|
| 650 | 7 |
_aOtyłość _2DBN |
|
| 650 | 2 | _aZachowanie związane z odżywianiem | |
| 650 | 2 | _aŻywienie nadmierne | |
| 650 | 2 | _aPsychologia | |
| 658 | _aMedycyna i zdrowie | ||
| 700 | 1 |
_aJeżewska-Zychowicz, Marzena _eAutor |
|
| 710 | 2 |
_aWydawnictwo SGGW _4pbl |
|
| 856 |
_uhttp://koha.tu.koszalin.pl/cgi-bin/koha/opac-detail.pl?biblionumber=56592 _yKatalog online BPK |
||
| 942 |
_2UKD _cKS |
||
| 999 |
_c56592 _d56592 |
||